[Event "BCF-chT3 0102 (4NCL)"]
[Site "Birmingham"]
[Date "2001.09.23"]
[Round "2.5"]
[White "Smart, Michael R"]
[Black "Jackson, Adrian"]
[Result "1/2-1/2"]
[WhiteElo "1960"]
[BlackElo "2230"]
[PlyCount "78"]
[EventDate "2001.09.??"]
[EventType "team"]
[EventRounds "11"]
[EventCountry "ENG"]
[SourceTitle "EXT 2003"]
[Source "ChessBase"]
[SourceDate "2002.11.25"]
[SourceVersion "1"]
[SourceVersionDate "2002.11.25"]
[SourceQuality "1"]
[WhiteTeam "Guildford III"]
[BlackTeam "Guildford II"]
[WhiteTeamCountry "ENG"]
[BlackTeamCountry "ENG"]

1. e4 c5 2. Nf3 Nc6 3. d4 cxd4 4. Nxd4 Nf6 5. Nc3 e5 6. Ndb5 d6 7. Bg5 a6 8. Na3 b5 9. Nd5 Be7 10. Bxf6 Bxf6 11. c3 0-0 12. Qf3 Bg5 13. h4 Bh6 14. g4 f6 15. Nc2 Ne7 16. Nxe7+ Qxe7 17. a4 bxa4 18. Rxa4 Qd7 19. Bc4+ Kh8 20. Ra3 Qxg4 21. Qxg4 Bxg4 22. Bd5 Rab8 23. Nb4 Bc8 24. 0-0 f5 25. b3 Bd2 26. exf5 Bxc3 27. Nc6 Rb6 28. Ne7 Bb4 29. Nxc8 Rxc8 30. Raa1 a5 31. Rac1 Rc5 32. Rxc5 dxc5 33. Rd1 Rd6 34. Kg2 g6 35. fxg6 Rxg6+ 36. Kf3 Rf6+ 37. Ke4 Bc3 38. Rg1 Rg6 39. Rxg6 hxg6 1/2-1/2

[Event "BCF-ch 88th"]
[Site "Scarborough"]
[Date "2001.08.09"]
[Round "10"]
[White "Waters, Clive L"]
[Black "Jackson, Adrian"]
[Result "0-1"]
[WhiteElo "2147"]
[BlackElo "2230"]
[PlyCount "42"]
[EventDate "2001.07.30"]
[EventType "swiss"]
[EventRounds "11"]
[EventCountry "ENG"]
[SourceTitle "CBM 083 Extra"]
[Source "ChessBase"]
[SourceDate "2001.09.11"]
[SourceVersion "1"]
[SourceVersionDate "2001.09.11"]
[SourceQuality "1"]

1. b3 e5 2. Bb2 Nc6 3. e3 d6 4. Nf3 Nf6 5. d4 e4 6. d5 Nb4 7. Nd4 Nbxd5 8. Bb5+ Bd7 9. c4 Nb4 10. 0-0 c6 11. Bc3 Nd3 12. Ba4 Nc5 13. Nd2 a6 14. f3 b5 15. Nxe4 Ncxe4 16. fxe4 bxa4 17. Qf3 Be7 18. e5 dxe5 19. Nxc6 e4 20. Qg3 Bxc6 21. Qxg7 Rg8 0-1